Cette année-là: 1841 - Statistiques

Statistiques générales
  • Ce quiz a été pris 12 fois
  • Le résultat moyen est 5 sur 10
Statistiques - réponses
indices Réponses % Correct
20 janvier: Les Britanniques prennent possession de cette île, qu'ils conserveront plus de 150 ans Hong-Kong
83%
7 janvier: A près plusieurs rejets, je suis enfin admis à l'Académie Française Victor Hugo
83%
22 mars: Loi réglementant le travail des enfants, quel est l'âge limite ? 8 ans
75%
2 novembre: Première guerre entre le Royaume Uni et ce pays surnommé le "cimetière des empires" Afghanistan
58%
26 mai: Assaut des Britanniques sur cette ville chinoise Canton
50%
24 septembre: L'aventurier Brooke se voit octroyer des terres sur cette île indonésienne Bornéo
42%
11 février: Deux colonies anglaises fusionnent et donnent naissance à la province unie du ... Canada
42%
12 janvier: L'Anglais Ross prend pied en Antarctique sur une terre baptisée du nom de sa souveraine Terre Victoria
25%
7 juillet: Des troubles éclatent à Toulouse à cause d'une réforme de l'assiette de cet impôt, ancêtre de la taxe d'habitation actuelle Impôt sur les portes et fenêtres
17%
18 juillet: Empereur du Brésil depuis 1831, je suis couronné à l'âge de 16 ans Pierre II
17%
Aucun quiz correspondant
Distribution des résultats
% des personnes avec chaque résultat
Percentile par nombre de réponses
Votre historique - résultats
Vous n’avez pas pris ce quiz